| 000 | 01091cam a2200313 a 4500 | ||
|---|---|---|---|
| 001 | 37383 | ||
| 005 | 20230410101755.0 | ||
| 008 | 840716s1985 okua b s001 0 eng | ||
| 035 | _9(DLC) 84040280 | ||
| 035 | _a3788384 | ||
| 010 | _a84040280 | ||
| 020 |
_a080611858X : _c$27.50 |
||
| 040 |
_aDLC _cDLC _dDLC |
||
| 043 |
_an-mx--- _ae-sp--- |
||
| 050 | 1 | 4 |
_a112 F 1306 _bW286c 1985 |
| 082 | 0 | 0 |
_a972/.02/0924 _219 |
| 100 | 1 | _aWarren, J. Benedict. | |
| 245 | 1 | 4 |
_aThe conquest of Michoacán : _bthe Spanish domination of the Tarascan Kingdom in Western Mexico, 1521-1530 / _cby J. Benedict Warren. |
| 260 |
_aNorman : _bUniversity of Oklahoma Press, _cc1985. |
||
| 300 |
_axv, 352 p. : _bill. ; _c24 cm. |
||
| 504 | _aBibliography: p. 327-335. | ||
| 500 | _aIncludes index. | ||
| 651 | 0 |
_aMichoacán de Ocampo (Mexico) _xHistory. |
|
| 651 | 0 |
_aMexico _xHistory _yConquest, 1519-1540. |
|
| 650 | 0 |
_aTarasco Indians _xHistory. |
|
| 650 | 0 |
_aIndians of Mexico _zMexico _zMichoacán de Ocampo _xHistory. |
|
| 740 | 0 | _aTarascan Kingdom in Western Mexico, 1521-1530. | |
| 942 |
_2lcc _cbk |
||
| 999 |
_c13741 _d13741 |
||